El recurso de amparo

Сохранить в:
Библиографические подробности
Главные авторы: Cascajo Castro, José L (Автор), Gimeno Sendra, Vicente (Автор)
Формат:
Язык:испанский
Опубликовано: Madrid Tecnos 1985
Серии:Temas clave de la constitución española
Предметы:
Метки: Добавить метку
Нет меток, Требуется 1-ая метка записи!

MARC

LEADER 00000nam a2200000 a 4500
001 UCV1287
003 CL-VaPUC
008 900403e19850000SP |||||||||||||||||spa|d
082 0 4 |a 342.085  |b CAS  |2 21 
100 0 |a Cascajo Castro, José L  |e author  |9 295528 
700 |a Gimeno Sendra, Vicente  |e author  |9 603900 
245 1 3 |a El recurso de amparo 
300 |a 155 p 
942 |c BK 
945 |d 19900403 00:00:00 
260 |a Madrid  |b Tecnos  |c 1985 
650 0 |a Recurso de amparo  |9 256122 
651 0 |a España  |9 254926 
583 |a last modification  |c 19900403 00:00:00  |k Rodrigo Vera 
490 0 |a Temas clave de la constitución española 
999 |c 209279  |d 209277 
952 |0 0  |1 0  |4 0  |6 342_085000000000000_CAS_1985  |7 0  |8 A  |9 184603  |a BIBDER  |b BIBDER  |d 2019-11-14  |i 2519062  |l 1  |o 342.085 CAS 1985  |p 2519062  |r 2023-01-25  |s 2022-08-01  |w 2019-11-14  |y BK  |k DER